Investment Banking (Record no. 18988)
[ view plain ]
| 000 -LEADER | |
|---|---|
| fixed length control field | 00611nam a22002057a 4500 |
| 008 - FIXED-LENGTH DATA ELEMENTS--GENERAL INFORMATION | |
| fixed length control field | 210621b xxu||||| |||| 00| 0 eng d |
| 020 ## - INTERNATIONAL STANDARD BOOK NUMBER | |
| International Standard Book Number | 1118472200 |
| 050 ## - LIBRARY OF CONGRESS CALL NUMBER | |
| Classification number | HG4534 |
| Item number | .R67 2013 c.1 |
| 100 ## - MAIN ENTRY--PERSONAL NAME | |
| Personal name | Rosenbaum, Joshua |
| 245 ## - TITLE STATEMENT | |
| Title | Investment Banking |
| Remainder of title | valuation, leveraged buyouts, and mergers & acquistions |
| 250 ## - EDITION STATEMENT | |
| Edition statement | 2nd ed. |
| 260 ## - PUBLICATION, DISTRIBUTION, ETC. (IMPRINT) | |
| Place of publication, distribution, etc. | Hoboken |
| Name of publisher, distributor, etc. | John wiley and sons |
| Date of publication, distribution, etc. | 2013 |
| 300 ## - PHYSICAL DESCRIPTION | |
| Extent | xxii, 457p. |
| 650 ## - SUBJECT ADDED ENTRY--TOPICAL TERM | |
| Topical term or geographic name as entry element | Investment banking |
| 650 ## - SUBJECT ADDED ENTRY--TOPICAL TERM | |
| Topical term or geographic name as entry element | Leveraged buyouts |
| 650 ## - SUBJECT ADDED ENTRY--TOPICAL TERM | |
| Topical term or geographic name as entry element | Valuation |
| 650 ## - SUBJECT ADDED ENTRY--TOPICAL TERM | |
| Topical term or geographic name as entry element | Consolidation and merger corporations |
| 700 ## - ADDED ENTRY--PERSONAL NAME | |
| Personal name | Pearl, Joshua |
| 942 ## - ADDED ENTRY ELEMENTS (KOHA) | |
| Source of classification or shelving scheme | Library of Congress Classification |
| Koha item type | General Collection |
| Withdrawn status | Lost status | Source of classification or shelving scheme | Not for loan | Home library | Current library | Date acquired | Cost, normal purchase price | Total Checkouts | Full call number | Barcode | Date last seen | Price effective from | Koha item type |
|---|---|---|---|---|---|---|---|---|---|---|---|---|---|
| Library of Congress Classification | Kabarak, Main Campus | Kabarak, Main Campus | 21/06/2021 | 6899.00 | HG4534 .R67 2013 c.1 | 029774 | 21/06/2021 | 21/06/2021 | General Collection | ||||
| Library of Congress Classification | Kabarak, Main Campus | Kabarak, Main Campus | 21/06/2021 | 6899.00 | HG4534 .R67 2013 c.2 | 029775 | 21/06/2021 | 21/06/2021 | General Collection | ||||
| Library of Congress Classification | Kabarak, Nakuru City Campus | Kabarak, Nakuru City Campus | 21/06/2021 | 6899.00 | HG4534 .R67 2013 c.1 | 029776 | 21/06/2021 | 21/06/2021 | General Collection |